Normal view MARC view

Entry Topical Term

Number of records used in: 1

001 - CONTROL NUMBER

  • control field: 37112

003 - CONTROL NUMBER IDENTIFIER

  • control field: OSt

005 - DATE AND TIME OF LATEST TRANSACTION

  • control field: 20230331103146.0

008 - FIXED-LENGTH DATA ELEMENTS

  • fixed length control field: 230331|| aca||aabn | a|a d

040 ## - CATALOGING SOURCE

  • Original cataloging agency: OSt
  • Transcribing agency: OSt

150 ## - HEADING--TOPICAL TERM

  • Topical term or geographic name entry element: North-East frontier, Political script, Language, British empire. Colonialism.

670 ## - SOURCE DATA FOUND

  • Source citation: Work cat.: (OSt): Naorem, Deepak 37111, Taming the ‘rude’ and ‘barbarous’ tongues of the frontier: Bor Saheps, Sutu Saheps and their encounters with languages, scripts, and texts (1835–1904)

Powered by Koha